Statistiken für Größte Stadt zu Fluss

Klicken Sie hier um das Quiz zu spielen!

Allgemein

  • Dieses Quiz wurde 126 mal gespielt
  • Das Durchschnittsergebnis liegt bei 19 aus 36

Antwortstatistiken

HintAntwort% Korrekt
ElbeHamburg
100%
MainFrankfurt
97%
RheinKöln
96%
IsarMünchen
94%
WeserBremen
88%
NilKairo
86%
TiberRom
86%
DonauWien
85%
HavelBerlin
82%
RuhrDortmund
82%
RhoneLyon
76%
MoldauPrag
75%
WeichselWarschau
75%
InnInnsbruck
67%
DneprKiew
67%
PoTurin
63%
KongoKinshasa
58%
JangtsekiangShanghai
55%
TigrisBagdad
54%
Rio de la PlataBuenos Aires
51%
AmazonasManaus
43%
DonRostow am Don
37%
EmsMünster
36%
DouroPorto
35%
Sankt-Lorenz-StromMontreal
34%
LoireNantes
33%
MoselMetz
31%
OderBreslau/Wrocław
25%
WolgaNischni Nowgorod
22%
MississippiMemphis
20%
MekongPhnom Penh
20%
PerlflussGuangzhou/Kanton
17%
DünaRiga
14%
IndusHyderabad
13%
DnisterTiraspol
8%
Rio GrandeCiudad Juárez
7%

Verteilung der Resultate

Perzentil nach korrekt beantworteten Fragen

Anzahl Personen mit jedem Resultat

Ihre Resultats-Entwicklung

Sie haben dieses Quiz noch nicht gespielt